000 00990cam a22003253a 4500
001 1250
005 20230815130140.0
008 060922r20061997nyua j 000 1 eng d
020 _a0439795710
020 _a1415678375
020 _a9781415678374
040 _aIMF
_cIMF
_dDLC
_beng
050 0 0 _aMLCS 2006/45744
082 _a823.92
100 1 _aRodda, Emily
245 1 0 _aDirty tricks /
_cEmily Rodda and Kate Rowe.
246 1 _iAt head of title:
_aEmily Rodda's Raven Hill mysteries
260 _aNew York :
_bScholastic, Inc.,
_c2006, 1994.
300 _a110 pages :
_bIllustrations ;
_c20 cm
505 _aO
520 _aLiz and her friends must unmask the Phantom of the Library.
521 8 _a630
_bLexile
521 8 _aO
_bRaz-Plus
650 1 _aMystery and detective stories.
650 1 _aLibraries
_vFiction.
650 1 _aTeachers
_vFiction.
700 1 _aRowe, Kate.
906 _a7
_bcbc
_ccopycat
_d2
_encip
_f20
_gy-gencatlg
942 _2ddc
_cBK
_n0
999 _c1250
_d1250